|
|
|
|
| LEADER |
00000ny a22000003n 4500 |
| 005 |
20110517121350.0 |
| 007 |
cr|||||||||||| |
| 008 |
090713c19979999sp n p s 0 b0spa c |
| 035 |
|
|
|a 2616
|
| 040 |
|
|
|d vLex
|
| 090 |
|
|
|c 2014
|d 2014
|
| 245 |
0 |
3 |
|a La Garnacha
|h [Recurso electrn̤ico]
|
| 256 |
|
|
|a Servicio en ln̕ea
|
| 260 |
|
|
|a Cd̀iz :
|b Colegio Provincial de Abogados de Cd̀iz
|
| 310 |
|
|
|a Irregular
|
| 506 |
1 |
|
|a Contenido solo disponible en los productos indicados
|d vLex Global
|d vLex Global (Academic Edition, excluding Law Schools)
|d vLex Global (U.S. Academic Edition, Law Schools)
|d vLex Global (U.S. Academic Edition, excluding Law Schools)
|d vLex Global (Academic Edition, Law Schools)
|
| 650 |
0 |
7 |
|a Datos personales
|2 Tesauro vLex
|
| 650 |
0 |
7 |
|a Proteccin̤ de datos personales
|2 Tesauro vLex
|
| 650 |
0 |
7 |
|a Derecho privado
|2 Tesauro vLex
|
| 650 |
0 |
7 |
|a Derecho penal
|2 Tesauro vLex
|
| 710 |
2 |
|
|a Colegio Provincial de Abogados de Cd̀iz
|
| 740 |
0 |
|
|a vLex Revista (Servicios en ln̕ea)
|
| 843 |
|
|
|a Electrn̤ica. Abierta
|
| 853 |
|
|
|8 1
|i (year)
|j (month)
|k (day)
|
| 856 |
4 |
0 |
|u http://vlex.com/source/2616
|z Acceso restringido
|
| 942 |
|
|
|c REV
|